Recuerdos de un hombre de letras /

محفوظ في:
التفاصيل البيبلوغرافية
المؤلف الرئيسي: Daudet, Alphonse (autor)
مؤلفون آخرون: Giner de los Ríos, Hermenegildo (traducción) (traducción)
التنسيق: كتاب
اللغة:الإسبانية
منشور في: Buenos Aires, Argentina : Espasa-Calpe, 1950, c1950
سلاسل:(Austral ; 972)
الموضوعات:
الوسوم: إضافة وسم
لا توجد وسوم, كن أول من يضع وسما على هذه التسجيلة!

MARC

LEADER 00000nam^a2200000^a^4500
001 000359927
005 20250521000000.0
008 150918 19501950
009 20260310115411.345
037 |a Acervo Xavier Clavigero 
041 |a ESP 
082 |a 808.  |b AUS V. 972 
100 |a Daudet, Alphonse  |e (autor) 
245 1 0 |a Recuerdos de un hombre de letras /  |c A. Daudet ; tr. por H. Giner de los Ríos. 
264 4 |a Buenos Aires, Argentina :  |b Espasa-Calpe,  |c 1950, c1950 
300 |a 149 p. 
336 |a texto  |b txt  |2 rdacontenido 
337 |a sin mediación  |b n  |2 rdamedio 
338 |a volumen  |b nc  |2 rdasoporte 
440 1 |a (Austral ;  |v 972) 
649 |a XX 
650 |a Escritores Franceses -  |x Memorias 
650 |a Memorias Francesas 
650 |a Naturalismo en la Literatura -  |z Francia 
650 |a Literatura Francesa -  |y Siglo XIX 
650 |a Daudet, Alphonse -  |x Tema Principal 
700 |a Giner de los Ríos, Hermenegildo  |e (traducción) 
910 |a Fondo General 
920 |a Impresos - Libros 
930 |a Colección General 
940 |a Literatura 
905 |a 101 
901 |a 061403  |b IT1  |c LIT  |u 20250521 
902 |a https://opac.biblio.iteso.mx/vufind/Record/000359927